000 00748nam a2200253 i 4500
001 C2-0328033
003 PPAK
005 20180728125531.0
008 140720s1978 enk |||| ||||| | eng d
020 _a0631193103
040 _aPPAK
_beng
_cPPAK
_erda
082 0 4 _a301.20942
_223
090 0 0 _a301.20942
_bMAC
_dKMI
100 1 _aMacfarlane, Alan,
_eauthor
245 1 4 _aThe origins of english individualism :
_bthe family, property and social transition
264 1 _aOxford :
_bBasil Blackwell ,
_c1978
300 _axv, 216 pages ;
_c24 cm
336 _2rdacontent
_atext
337 _2rdamedia
_aunmediated
338 _2rdacarrier
_avolume
500 _aIncludes index.
650 1 0 _aEngland - Social conditions.
942 _ddc
_cB
999 _c127542
_d127542